Vývojové tendence úmrtnosti ve středních věkových skupinách obyvatelstva vyspělých zemí

Salvato in:
Dettagli Bibliografici
Autore principale: Nováková, Renáta
Natura: Libro
Lingua:ceco
Pubblicazione: Praha Ústředí vědeckých, technických a ekonomických informací 1989
Tags: Aggiungi Tag
Nessun Tag, puoi essere il primo ad aggiungerne!!

MARC

LEADER 00000nam a2200000 4500
001 c029217
005 20251204114433.2
041 0 |a cze 
044 |a CZ 
245 1 0 |a Vývojové tendence úmrtnosti ve středních věkových skupinách obyvatelstva vyspělých zemí  |c Renáta Nováková 
264 1 |a Praha  |b Ústředí vědeckých, technických a ekonomických informací  |c 1989 
300 |a 69 s. 
100 1 |a Nováková, Renáta